logo

LA REPUBLICA V LA REBELION DE LOS GENERALES JULIO 1936 | LA REPUBLICA Y EL EJERCITO (Record no. 32915)

MARC details
000 -CABECERA
campo de control de longitud fija 00777nam a2200301Ia 4500
001 - NÚMERO DE CONTROL
campo de control 19782
005 - FECHA Y HORA DE LA ÚLTIMA TRANSACCIÓN
campo de control 20260407082702.0
008 - CÓDIGOS DE INFORMACIÓN DE LONGITUD FIJA
campo de control de longitud fija 260115s9999 xx 000 0 und d
010 ## - NÚMERO DE CONTROL DE LA BIBLIOTECA DEL CONGRESO
Número de control de LC 32915
035 ## - NÚMERO DE CONTROL DEL SISTEMA
Número de control de sistema 7314
090 ## - LOCALMENTE ASIGNADO TIPO-LC NÚMERO DE CLASIFICACIÓN (OCLC); NÚMERO DE CLASIFICACIÓN LOCAL (RLIN)
Número de clasificación (OCLC) (R) ; Numero de clasificación CALL (RLIN) (NR) 946
020 ## - NÚMERO INTERNACIONAL NORMALIZADO PARA LIBROS(ISBN)
Número Internacional Normalizado para Libros (ISBN) 8473160223
001 - NÚMERO DE CONTROL
campo de control 11153
008 - CÓDIGOS DE INFORMACIÓN DE LONGITUD FIJA
campo de control de longitud fija 260115s9999 xx 000 0 und d
035 ## - NÚMERO DE CONTROL DEL SISTEMA
Número de control de sistema 8101
090 ## - LOCALMENTE ASIGNADO TIPO-LC NÚMERO DE CLASIFICACIÓN (OCLC); NÚMERO DE CLASIFICACIÓN LOCAL (RLIN)
Número de clasificación (OCLC) (R) ; Numero de clasificación CALL (RLIN) (NR) 9(46)
100 ## - PUNTO DE ACCESO PRINCIPAL - NOMBRE DE PERSONA
Nombre de persona BRAVO MORATA FEDERICO
100 ## - PUNTO DE ACCESO PRINCIPAL - NOMBRE DE PERSONA
Nombre de persona BRAVO MORATA FEDERICO
245 #0 - MENCIÓN DE TÍTULO
Título LA REPUBLICA V LA REBELION DE LOS GENERALES JULIO 1936
260 ## - PUBLICACIÓN, DISTRIBUCIÓN, ETC. (PIE DE IMPRENTA)
Lugar de publicación distribución etc. MADRID
Nombre del editor distribuidor etc. FENICIA
Fecha de publicación distribución etc. 1973
245 #0 - MENCIÓN DE TÍTULO
Título LA REPUBLICA Y EL EJERCITO
260 ## - PUBLICACIÓN, DISTRIBUCIÓN, ETC. (PIE DE IMPRENTA)
Lugar de publicación distribución etc. MADRID
Nombre del editor distribuidor etc. FENICIA
630 ## - PUNTO DE ACCESO ADICIONAL DE MATERIA--TÍTULO UNIFORME
Título uniforme HISTORIA GENERAL
650 ## - PUNTO DE ACCESO ADICIONAL DE MATERIA--TÉRMINO DE MATERIA
Término de materia o nombre geográfico como elemento inicial HISTORIA DE ESPAÑA
630 ## - PUNTO DE ACCESO ADICIONAL DE MATERIA--TÍTULO UNIFORME
Título uniforme HISTORIA GENERAL
650 ## - PUNTO DE ACCESO ADICIONAL DE MATERIA--TÉRMINO DE MATERIA
Término de materia o nombre geográfico como elemento inicial HISTORIA DE ESPAÑA
942 ## - ELEMENTOS DE PUNTO DE ACCESO ADICIONAL (KOHA)
Tipo de ítem Koha Monografías
Holdings
Estado de retiro Estado de pérdida Estado dañado No para préstamo Código de colección Localización permanente Ubicación/localización actual Fecha de adquisición Total de préstamos Signatura topográfica completa Código de barras Fecha visto por última vez Número de copia Precio válido a partir de Tipo de ítem Koha Nota pública
          Servicio de Estudios Históricos Servicio de Estudios Históricos 11/10/1974   946 10190 05/02/2026 2 05/02/2026 Monografías REGISTRO 28466, ALTA 04/02/2015 18 X 11 CTMS 84-7316-022-3